<?xml version="1.0" encoding="UTF-8"?>
<record
    xmlns:xsi="http://www.w3.org/2001/XMLSchema-instance"
    xsi:schemaLocation="http://www.loc.gov/MARC21/slim http://www.loc.gov/standards/marcxml/schema/MARC21slim.xsd"
    xmlns="http://www.loc.gov/MARC21/slim">

  <leader>01051nam a22002177a 4500</leader>
  <controlfield tag="003">CUTN</controlfield>
  <controlfield tag="005">20250612124900.0</controlfield>
  <controlfield tag="008">250612b        |||||||| |||| 00| 0 eng d</controlfield>
  <datafield tag="020" ind1=" " ind2=" ">
    <subfield code="a">9789355280633</subfield>
  </datafield>
  <datafield tag="041" ind1=" " ind2=" ">
    <subfield code="a">English</subfield>
  </datafield>
  <datafield tag="082" ind1=" " ind2=" ">
    <subfield code="a">370.954</subfield>
    <subfield code="b">AUR</subfield>
  </datafield>
  <datafield tag="100" ind1=" " ind2=" ">
    <subfield code="a">Aurobindo Ghose</subfield>
  </datafield>
  <datafield tag="245" ind1=" " ind2=" ">
    <subfield code="a">a System of national education /</subfield>
    <subfield code="c">Aurobindo Ghose</subfield>
  </datafield>
  <datafield tag="260" ind1=" " ind2=" ">
    <subfield code="a">India :</subfield>
    <subfield code="b">Maxwell Press ,</subfield>
    <subfield code="c">2022.</subfield>
  </datafield>
  <datafield tag="300" ind1=" " ind2=" ">
    <subfield code="a">67p. :</subfield>
    <subfield code="b">ill ;</subfield>
  </datafield>
  <datafield tag="505" ind1=" " ind2=" ">
    <subfield code="a">The Human Mind 
Powers of the Mind
The Moral Nature
The Training of the Senses
The Training of the Intellect
Methods of Teaching</subfield>
  </datafield>
  <datafield tag="520" ind1=" " ind2=" ">
    <subfield code="a">Aurobindo's "A System of National Education" is a powerful critique of the prevalent Western-influenced educational system in India and a blueprint for a new, truly "national" education. He argues that the existing system was designed to create clerks and subservient individuals, rather than fostering the holistic development of the human being and the genius of the Indian nation.</subfield>
  </datafield>
  <datafield tag="650" ind1=" " ind2=" ">
    <subfield code="a">Education</subfield>
  </datafield>
  <datafield tag="650" ind1=" " ind2=" ">
    <subfield code="a">Education in India</subfield>
  </datafield>
  <datafield tag="942" ind1=" " ind2=" ">
    <subfield code="2">ddc</subfield>
    <subfield code="c">BOOKS</subfield>
  </datafield>
  <datafield tag="999" ind1=" " ind2=" ">
    <subfield code="c">44719</subfield>
    <subfield code="d">44719</subfield>
  </datafield>
  <datafield tag="952" ind1=" " ind2=" ">
    <subfield code="0">0</subfield>
    <subfield code="1">0</subfield>
    <subfield code="2">ddc</subfield>
    <subfield code="4">0</subfield>
    <subfield code="7">0</subfield>
    <subfield code="8">NFIC</subfield>
    <subfield code="a">CUTN</subfield>
    <subfield code="b">CUTN</subfield>
    <subfield code="c">300</subfield>
    <subfield code="d">2025-06-12</subfield>
    <subfield code="l">1</subfield>
    <subfield code="o">370.954 AUR</subfield>
    <subfield code="p">51547</subfield>
    <subfield code="r">2025-11-10 16:43:08</subfield>
    <subfield code="s">2025-10-27</subfield>
    <subfield code="w">2025-06-12</subfield>
    <subfield code="y">BOOKS</subfield>
  </datafield>
</record>
